Appraisers Association of America (Record no. 120261)

MARC details
000 -LEADER
fixed length control field 01010cam a2200241 4500
001 - CONTROL NUMBER
control field WS121979
008 - FIXED-LENGTH DATA ELEMENTS--GENERAL INFORMATION
fixed length control field 030414n 000 0 eng u
035 ## - SYSTEM CONTROL NUMBER
System control number (Sirsi) u121979
110 ## - MAIN ENTRY--CORPORATE NAME
Corporate name or jurisdiction name as entry element Appraisers Association of America
9 (RLIN) 4433
245 ## - TITLE STATEMENT
Title Appraisers Association of America
520 ## - SUMMARY, ETC.
Summary, etc. Web site for this American organisation for professionals involved in the valuation of personal property including fine art, furniture, decorative arts and jewellery. Includes a searchable database of members, details of their appraisal standards and a guide to the elements which should be included in a correctly prepared appraisal.
650 ## - SUBJECT ADDED ENTRY--TOPICAL TERM
Topical term or geographic name entry element ORGANISATION
650 ## - SUBJECT ADDED ENTRY--TOPICAL TERM
Topical term or geographic name entry element UNITED STATES
650 ## - SUBJECT ADDED ENTRY--TOPICAL TERM
Topical term or geographic name entry element INTERNATIONAL
650 ## - SUBJECT ADDED ENTRY--TOPICAL TERM
Topical term or geographic name entry element Valuation
9 (RLIN) 6273
650 ## - SUBJECT ADDED ENTRY--TOPICAL TERM
Topical term or geographic name entry element APPRAISAL
650 ## - SUBJECT ADDED ENTRY--TOPICAL TERM
Topical term or geographic name entry element FURNITURE
650 ## - SUBJECT ADDED ENTRY--TOPICAL TERM
Topical term or geographic name entry element JEWELLERY
650 ## - SUBJECT ADDED ENTRY--TOPICAL TERM
Topical term or geographic name entry element STANDARDS
690 ## - LOCAL SUBJECT ADDED ENTRY--TOPICAL TERM (OCLC, RLIN)
Topical term or geographic name as entry element ANTIQUES AND FINE ART
856 40 - ELECTRONIC LOCATION AND ACCESS
Uniform Resource Identifier <a href="https://www.appraisersassoc.org/">https://www.appraisersassoc.org/</a>
Public note View the website free of charge at www.appraisersassoc.org/...
942 ## - ADDED ENTRY ELEMENTS (KOHA)
Suppress in OPAC 0
Holdings
Withdrawn status Lost status Source of classification or shelving scheme Damaged status Not for loan Home library Current library Shelving location Date acquired Total Checkouts Full call number Barcode Date last seen Copy number Price effective from Koha item type
    Dewey Decimal Classification     Virtual Virtual Online 14/04/2003   WEB SITE 121979-1001 06/08/2019 1 06/08/2019 Online material